HGGSP 6 - Statistiques

Statistiques générales
  • Ce quiz a été pris 281 fois
  • Le résultat moyen est 4 sur 20
Statistiques - réponses
Questions Réponses % Correct
Quel est le plus grand musée au monde Le Louvre
70%
Quel pays à la plus grande ZEE USA
70%
Quel pays a pour capital Yaoundé Cameroun
51%
Quand est créée l'Union Européenne 1992
37%
Capitale des philippines Manille
33%
Ville natale de Mahomet La Mecque
28%
Dans quel pays se situe la ville de Split Croatie
23%
Chute de l'empire romain 476
21%
Quel est le dernier pays créé au monde Soudan du Sud
16%
Quel est le plus grand département de france La Gironde
15%
Qui était Abou Bakr al-Baghdadi Chef de guerre (Daesh)
13%
Quel pays consomme le plus d'alcool République tchèque
8%
Guerre de cent ans 1337-1453
5%
Indépandance du mexique 1821
5%
Qui était le roi lépreux Baudoin IV
3%
Guerre de Yougoslavie 1991-2001
2%
Quel pape a vecu le plus longtemps Pie IX
2%
Premiére croisade 1096-1099
0%
Quelle est la ville au monde la plus polluée ? Damman
0%
Qui était Clausewitz Un officier
0%
Aucun quiz correspondant
Distribution des résultats
% des personnes avec chaque résultat
Percentile par nombre de réponses
Votre historique - résultats
Vous n’avez pas pris ce quiz